[Event "Open Stare Mesto"]
[Site "?"]
[Date "2003.08.12"]
[Round "6"]
[White "Kotan, L.."]
[Black "Vavruska, A.."]
[Result "1-0"]
[WhiteElo "2369"]
[BlackElo "2133"]
[PlyCount "135"]
[EventDate "2003.08.08"]
[SourceDate "2003.08.08"]

1. e4 e6 2. d3 d5 3. Nd2 Bc5 4. Ngf3 Nc6 5. c3 e5 6. b4 dxe4 7. dxe4 Bd6 8. Nc4
Nf6 9. Qc2 Qe7 10. Be2 O-O 11. O-O h6 12. Rd1 a6 13. h3 Be6 14. Be3 Rfd8 15.
Nfd2 Ne8 16. Nb3 Qf6 17. Nc5 Bxc5 18. Bxc5 Qg6 19. Kh1 Nf6 20. Nd2 Nh5 21. Bf3
Nf4 22. Nf1 Qf6 23. Nh2 h5 24. Rxd8+ Rxd8 25. Rd1 Re8 26. Rd2 Ne7 27. Qd1 g6
28. Rd8 Kf8 29. a4 b6 30. Be3 Nc6 31. Rxe8+ Kxe8 32. Qd2 Bc4 33. g3 Ne6 34. Kg2
a5 35. Be2 Bxe2 36. Qxe2 Qe7 37. Qb5 Qd7 38. bxa5 Nxa5 39. Qxe5 Qxa4 40. Nf3
Nc4 41. Qh8+ Kd7 42. Ne5+ Nxe5 43. Qxe5 Qc2 44. Qd5+ Ke7 45. Qc4 Kd7 46. Qd5+
Ke8 47. Qc6+ Ke7 48. Bd4 Qd3 49. Be5 Qd8 50. c4 f6 51. Bb2 Qd3 52. h4 Qb3 53.
Bc1 Qd3 54. Be3 Qc2 55. Qd5 f5 56. exf5 Qxf5 57. Qa8 Qd3 58. Qc6 Qf5 59. Bg5+
Kf7 60. Bc1 Ke7 61. Ba3+ Kf6 62. Qa8 Kf7 63. Qc6 Qd3 64. Bb2 Qf5 65. Qd7+ Kf8
66. Ba3+ c5 67. Qc6 Kf7 68. Qb7+ 1-0

[Event "Open Stare Mesto"]
[Site "?"]
[Date "2003.08.12"]
[Round "6"]
[White "Michenka, J.."]
[Black "Tazbir, M.."]
[Result "1/2-1/2"]
[WhiteElo "2357"]
[BlackElo "2269"]
[PlyCount "80"]
[EventDate "2003.08.08"]
[SourceDate "2003.08.08"]

1. d4 d5 2. c4 dxc4 3. Nf3 Nf6 4. e3 a6 5. Bxc4 b5 6. Bd3 Bb7 7. O-O Nbd7 8. b4
e6 9. a3 Bd6 10. Bb2 O-O 11. Ne5 Nxe5 12. dxe5 Bxe5 13. Bxe5 Qd5 14. Bxh7+ Kxh7
15. Qxd5 Nxd5 16. e4 Nb6 17. Bxc7 Nc4 18. f3 e5 19. Ra2 Rac8 20. Ba5 Nxa5 21.
bxa5 Rfd8 22. Nd2 Rc3 23. Kf2 Bc8 24. Nb1 Rc4 25. Ke3 Be6 26. Rd2 Rxd2 27. Kxd2
Ra4 28. Kc3 Rxa5 29. Kb2 Ra4 30. Rc1 b4 31. Rc5 bxa3+ 32. Nxa3 f6 33. Rc6 Bf7
34. Rc7 Rb4+ 35. Kc1 Bg8 36. Nc2 Rc4 37. Ra7 Ra4 38. Kb2 Ra2+ 39. Kb1 a5 40. h4
Bb3 1/2-1/2

[Event "Open Stare Mesto"]
[Site "?"]
[Date "2003.08.12"]
[Round "6"]
[White "Grabarczyk, B.."]
[Black "Stehlik, J.."]
[Result "1/2-1/2"]
[WhiteElo "2444"]
[BlackElo "2089"]
[PlyCount "103"]
[EventDate "2003.08.08"]
[SourceDate "2003.08.08"]

1. e4 c5 2. Nf3 Nc6 3. d4 cxd4 4. Nxd4 g6 5. Nc3 Bg7 6. Be3 Nf6 7. Bc4 Qa5 8.
O-O O-O 9. Nd5 Qd8 10. Nxf6+ Bxf6 11. c3 d6 12. f4 Bd7 13. Nf3 Qc7 14. Bb3 Na5
15. Bd4 Bxd4+ 16. Nxd4 e5 17. fxe5 dxe5 18. Nf3 Nxb3 19. axb3 Be6 20. b4 f6 21.
Qd2 a5 22. Rxa5 Rxa5 23. bxa5 Rd8 24. Qf2 Qxa5 25. h4 Qc7 26. h5 Bc4 27. Re1
Kg7 28. Nh4 Be6 29. h6+ Kf7 30. Rf1 Qe7 31. Nf3 Kg8 32. Qb6 Bc4 33. Ra1 Ba6 34.
Qf2 Rd6 35. b3 Qf8 36. Nh2 Qxh6 37. Ng4 Qf8 38. c4 h5 39. Ne3 Rc6 40. Nd5 Qc5
41. Nxf6+ Kg7 42. Qxc5 Rxc5 43. Nd5 Rc6 44. Kf2 Kh6 45. Rc1 Rc5 46. Nb4 Ra5 47.
Rc3 b6 48. Nd5 Bb7 49. Nxb6 Bxe4 50. Na4 Bc6 51. c5 h4 52. Rc4 1/2-1/2

[Event "Open Stare Mesto"]
[Site "?"]
[Date "2003.08.12"]
[Round "6"]
[White "Kapusta, P.."]
[Black "Zpevak, P.."]
[Result "0-1"]
[WhiteElo "2070"]
[BlackElo "2405"]
[PlyCount "38"]
[EventDate "2003.08.08"]
[SourceDate "2003.08.08"]

1. e4 c5 2. Nf3 e6 3. c3 d5 4. exd5 exd5 5. d4 Nc6 6. Bb5 Bd6 7. O-O Nge7 8.
Nbd2 c4 9. b3 cxb3 10. axb3 O-O 11. Re1 Bg4 12. Ba3 Bxa3 13. Rxa3 Qd6 14. Qa1
a6 15. c4 Rae8 16. Bxc6 Nxc6 17. Ne5 Nxd4 18. Qxd4 Qxa3 19. Qxg4 Rxe5 0-1

[Event "Open Stare Mesto"]
[Site "?"]
[Date "2003.08.12"]
[Round "6"]
[White "Stuchly, R.."]
[Black "Bazant, P. jr."]
[Result "0-1"]
[WhiteElo "2070"]
[BlackElo "2355"]
[PlyCount "120"]
[EventDate "2003.08.08"]
[SourceDate "2003.08.08"]

1. e4 e5 2. Nf3 Nc6 3. Bc4 Be7 4. d4 exd4 5. Nxd4 d6 6. Nc3 Nf6 7. Nxc6 bxc6 8.
O-O O-O 9. h3 Be6 10. Bd3 Nd7 11. f4 f5 12. exf5 Bxf5 13. Bxf5 Rxf5 14. Qd3 Rf7
15. Be3 d5 16. Rad1 Nc5 17. Bxc5 Bxc5+ 18. Kh1 Qd6 19. Rf3 Re8 20. Ne2 Re4 21.
Rdf1 Qe7 22. Ng3 Bd6 23. Qd2 Ra4 24. a3 Qf8 25. Ne2 Re4 26. g4 c5 27. c3 c6 28.
f5 Qe7 29. R1f2 Qh4 30. Kg2 Rfe7 31. Nf4 Bxf4 32. Rxf4 Qf6 33. Qd3 c4 34. Qg3
Qe5 35. f6 gxf6 36. Rxf6 Qxg3+ 37. Kxg3 R4e6 38. Rxe6 Rxe6 39. h4 Kg7 40. Rf3
Re2 41. Rf2 Re4 42. Kf3 Re1 43. Kg2 a5 44. Rf1 Re4 45. Kg3 a4 46. Rf5 h6 47.
Rf4 Re3+ 48. Rf3 Rd3 49. Kg2 Kg6 50. Rf8 Rd2+ 51. Rf2 Rd1 52. Rf8 Rd2+ 53. Rf2
Rxf2+ 54. Kxf2 Kf6 55. Ke3 Ke5 56. g5 hxg5 57. hxg5 c5 58. g6 d4+ 59. Kd2 Kf6
60. b4 cxb3 0-1

[Event "Open Stare Mesto"]
[Site "?"]
[Date "2003.08.12"]
[Round "6"]
[White "Partys, P.."]
[Black "Wiley, T.."]
[Result "1/2-1/2"]
[WhiteElo "1961"]
[BlackElo "2328"]
[PlyCount "37"]
[EventDate "2003.08.08"]
[SourceDate "2003.08.08"]

1. e4 e6 2. d4 d5 3. Nd2 Nf6 4. e5 Nfd7 5. Bd3 c5 6. c3 Nc6 7. Ne2 cxd4 8. cxd4
f6 9. exf6 Qxf6 10. Nf3 h6 11. O-O Bd6 12. Ng3 O-O 13. Bd2 e5 14. dxe5 Ndxe5
15. Nxe5 Bxe5 16. Qb3 Qf7 17. Bc3 Bc7 18. Kh1 h5 19. Qc2 1/2-1/2

[Event "Open Stare Mesto"]
[Site "?"]
[Date "2003.08.12"]
[Round "6"]
[White "Hudacek, J.."]
[Black "Kludacz, M.."]
[Result "0-1"]
[WhiteElo "2072"]
[BlackElo "2209"]
[PlyCount "50"]
[EventDate "2003.08.08"]
[SourceDate "2003.08.08"]

1. e4 e6 2. d4 d5 3. exd5 exd5 4. c3 Bd6 5. Bd3 c6 6. Be3 Ne7 7. Qc2 Bg4 8. Nd2
Qc7 9. Ne2 Bh5 10. h3 Bg6 11. O-O-O Nd7 12. g4 O-O-O 13. f4 Bxd3 14. Qxd3 h5
15. Nf3 hxg4 16. hxg4 Nf6 17. Ng5 Rxh1 18. Rxh1 Neg8 19. Qf5+ Kb8 20. Nf3 Nh6
21. Rxh6 Qe7 22. Rh3 Qxe3+ 23. Kd1 Ne4 24. Ke1 Qf2+ 25. Kd1 Qf1+ 0-1

[Event "OPEN Stare Mesto"]
[Site "?"]
[Date "2003.08.13"]
[Round "7"]
[White "Dobrev, N.."]
[Black "Sosna, J.."]
[Result "0-1"]
[WhiteElo "2382"]
[BlackElo "2428"]
[PlyCount "104"]
[EventDate "2003.08.13"]
[SourceDate "2003.08.08"]

1. d4 d5 2. c4 e6 3. Nc3 c6 4. cxd5 exd5 5. Nf3 Bf5 6. Bf4 Nf6 7. e3 Nbd7 8. h3
Be7 9. g4 Bg6 10. Bg2 Ne4 11. Nd2 Nxd2 12. Qxd2 O-O 13. Bg3 Nb6 14. h4 h6 15.
h5 Bh7 16. Bf1 Qd7 17. O-O-O Qxg4 18. Be5 Qe6 19. Bh3 Bf5 20. Rdg1 Bf6 21. Bxf5
Qxf5 22. e4 Qe6 23. Bxf6 Qxf6 24. e5 Qe6 25. f4 Kh8 26. Qd3 f5 27. Rg6 Qf7 28.
Rhg1 Rg8 29. Nd1 Raf8 30. Kb1 Nc8 31. Qg3 Ne7 32. Ne3 Rd8 33. a3 Nxg6 34. hxg6
Qe6 35. Ka1 Rgf8 36. Rh1 Kg8 37. Rh5 c5 38. Rh1 Rc8 39. Rd1 c4 40. Qg2 Rfd8 41.
Qc2 Qxg6 42. Re1 Qg3 43. Re2 Qxf4 44. Nxf5 Rc7 45. e6 Re8 46. e7 Kh8 47. Ka2 b5
48. Re5 a5 49. Qg2 Qg5 50. Qxd5 b4 51. Qxa5 b3+ 52. Kb1 c3 0-1

[Event "OPEN Stare Mesto"]
[Site "?"]
[Date "2003.08.13"]
[Round "7"]
[White "Vrana, F.."]
[Black "Grabarczyk, M.."]
[Result "1-0"]
[WhiteElo "2300"]
[BlackElo "2508"]
[PlyCount "49"]
[EventDate "2003.08.13"]
[SourceDate "2003.08.08"]

1. e4 e5 2. Nc3 Nc6 3. Nf3 Nf6 4. Bb5 Bd6 5. d4 exd4 6. Nxd4 O-O 7. O-O Be5 8.
Nde2 Re8 9. Re1 Ng4 10. h3 Bh2+ 11. Kf1 Nxf2 12. Kxf2 Qf6+ 13. Ke3 d5 14. Nxd5
Qg6 15. Kf2 Bxh3 16. gxh3 Qxe4 17. Bf4 Qf5 18. Qd3 Qh5 19. Bxh2 Ne5 20. Qg3
Qf5+ 21. Ndf4 Red8 22. Bd3 Qf6 23. Nc3 Qb6+ 24. Qe3 Nxd3+ 25. Nxd3 1-0

[Event "OPEN Stare Mesto"]
[Site "?"]
[Date "2003.08.13"]
[Round "7"]
[White "Johansson, J.."]
[Black "Kotan, L.."]
[Result "0-1"]
[WhiteElo "2396"]
[BlackElo "2369"]
[PlyCount "96"]
[EventDate "2003.08.13"]
[SourceDate "2003.08.08"]

1. d4 d5 2. c4 e6 3. Nc3 Be7 4. Nf3 Nf6 5. Bf4 O-O 6. e3 dxc4 7. Bxc4 a6 8. Bd3
b5 9. a4 b4 10. Ne4 Nbd7 11. Qc2 Nd5 12. Neg5 g6 13. h4 b3 14. Qb1 Nb4 15. h5
Nc5 16. Bc4 Nc2+ 17. Ke2 Bb7 18. dxc5 Bd5 19. Bd3 Bxg5 20. Nxg5 e5 21. hxg6
fxg6 22. Nxh7 exf4 23. Nxf8 Qxf8 24. Bxc2 f3+ 25. Ke1 fxg2 26. Rg1 bxc2 27.
Qxc2 Qf6 28. Rd1 Bf3 29. Rd4 g5 30. Kd2 Rd8 31. Qc4+ Kg7 32. Rxd8 Qxd8+ 33.
Qd4+ Qf6 34. b4 Kg6 35. b5 axb5 36. axb5 Qe6 37. Kc3 Qa2 38. Qd3+ Kh6 39. Qc2
Qa3+ 40. Kc4 Qa5 41. Qc3 Qa4+ 42. Qb4 Qa2+ 43. Kd4 Qxf2 44. Qe1 Qb2+ 45. Qc3
Qxb5 46. e4 Qa4+ 47. Qc4 Qxc4+ 48. Kxc4 Kh5 0-1

[Event "OPEN Stare Mesto"]
[Site "?"]
[Date "2003.08.13"]
[Round "7"]
[White "Civin, T.."]
[Black "Rubal, A.."]
[Result "1/2-1/2"]
[WhiteElo "2383"]
[BlackElo "2229"]
[PlyCount "40"]
[EventDate "2003.08.13"]
[SourceDate "2003.08.08"]

1. d4 d5 2. c4 e6 3. Nf3 Nf6 4. g3 dxc4 5. Bg2 Nc6 6. Qa4 Bb4+ 7. Bd2 Bd6 8.
Qxc4 O-O 9. O-O e5 10. dxe5 Nxe5 11. Nxe5 Bxe5 12. Bc3 Qe7 13. Bb4 Qe6 14. Nd2
Re8 15. Qxe6 Bxe6 16. Nf3 Bxb2 17. Rab1 a5 18. Bd2 Ba3 19. Rxb7 Bxa2 20. Rxc7
Bd5 1/2-1/2

[Event "OPEN Stare Mesto"]
[Site "?"]
[Date "2003.08.13"]
[Round "7"]
[White "Vesselovsky, S.."]
[Black "Kireev, A.."]
[Result "0-1"]
[WhiteElo "2444"]
[BlackElo "2276"]
[PlyCount "60"]
[EventDate "2003.08.13"]
[SourceDate "2003.08.08"]

1. e4 e6 2. d4 d5 3. Nc3 Nf6 4. Bg5 Be7 5. e5 Ne4 6. Nxe4 Bxg5 7. Nxg5 Qxg5 8.
c3 b6 9. Nh3 Qe7 10. Bd3 a5 11. Nf4 Ba6 12. Bxa6 Nxa6 13. Nh5 g6 14. Nf6+ Kd8
15. h4 h5 16. g4 hxg4 17. Qxg4 Nb8 18. h5 Nd7 19. hxg6 Rxh1+ 20. Ke2 Rxa1 21.
g7 Kc8 22. g8=Q+ Kb7 23. Q8g7 Rxa2 24. Qh5 Rxb2+ 25. Kf1 a4 26. Qhxf7 Qxf7 27.
Qxf7 Nxf6 28. exf6 a3 29. Qxe6 a2 30. Qxd5+ Ka7 0-1

[Event "OPEN Stare Mesto"]
[Site "?"]
[Date "2003.08.13"]
[Round "7"]
[White "Hausner, I.."]
[Black "Karlik, V.."]
[Result "1/2-1/2"]
[WhiteElo "2441"]
[BlackElo "2286"]
[PlyCount "55"]
[EventDate "2003.08.13"]
[SourceDate "2003.08.08"]

1. e4 g6 2. d4 Bg7 3. c4 d6 4. Nc3 e5 5. d5 Nf6 6. Be2 a5 7. h3 Na6 8. Be3 Nc5
9. Qc2 O-O 10. g4 Ne8 11. Nf3 f5 12. gxf5 gxf5 13. Rg1 f4 14. Bxc5 dxc5 15. Ng5
Kh8 16. O-O-O Bh6 17. h4 f3 18. Bd3 Ra6 19. Kb1 Rg6 20. Qd2 Nf6 21. Nb5 b6 22.
Na7 Bd7 23. Qc3 Ng4 24. Rxg4 Bxg4 25. Nc6 Rxc6 26. dxc6 Bxg5 27. Bc2 Qe7 28.
hxg5 1/2-1/2

[Event "OPEN Stare Mesto"]
[Site "?"]
[Date "2003.08.13"]
[Round "7"]
[White "Zpevak, P.."]
[Black "Kantorik, M.."]
[Result "1/2-1/2"]
[WhiteElo "2405"]
[BlackElo "2272"]
[PlyCount "80"]
[EventDate "2003.08.13"]
[SourceDate "2003.08.08"]

1. d4 d5 2. Nf3 Nf6 3. Bf4 c5 4. c3 Nbd7 5. h3 e6 6. e3 Qb6 7. Qb3 c4 8. Qc2
Bd6 9. Bxd6 Qxd6 10. Nbd2 O-O 11. e4 Nxe4 12. Nxe4 dxe4 13. Qxe4 Nf6 14. Qe5
Qb6 15. Qe2 Bd7 16. Ne5 Rac8 17. Qc2 Bb5 18. a4 Ba6 19. Be2 Qc7 20. O-O Nd5 21.
Bf3 Rfd8 22. Be4 Nf6 23. Bf3 b6 24. Qe2 Nd5 25. g3 Bb7 26. Rfe1 Re8 27. Bg2 a6
28. Ng4 Ne7 29. Qe5 Qd7 30. Qg5 Ng6 31. Bxb7 Qxb7 32. h4 h6 33. Qe3 Ne7 34. Ne5
Qd5 35. Qf3 f6 36. Qxd5 Nxd5 37. Nf3 Kf7 38. Nd2 Rc6 39. Nf1 Rb8 40. Ne3 Ne7
1/2-1/2

[Event "OPEN Stare Mesto"]
[Site "?"]
[Date "2003.08.13"]
[Round "7"]
[White "Mudrak, J.."]
[Black "Sitnik, I.."]
[Result "1/2-1/2"]
[WhiteElo "2379"]
[BlackElo "2258"]
[PlyCount "68"]
[EventDate "2003.08.13"]
[SourceDate "2003.08.08"]

1. d4 d5 2. Nf3 Nf6 3. g3 Bf5 4. Bg2 e6 5. O-O Nbd7 6. c4 c6 7. b3 h6 8. Bb2
Be7 9. Nc3 O-O 10. Ne5 Bh7 11. Nxd7 Qxd7 12. e3 Rfd8 13. Rc1 Rac8 14. Qe2 Qe8
15. Rfd1 Rd7 16. cxd5 cxd5 17. Na4 Rdc7 18. Rxc7 Rxc7 19. Rc1 Rxc1+ 20. Bxc1
Qc6 21. Bb2 b5 22. Nc5 Bxc5 23. dxc5 Qxc5 24. Bf1 a6 25. a4 Bc2 26. Bd4 Qc6 27.
axb5 axb5 28. Bxf6 gxf6 29. Qg4+ Kh7 30. Qb4 Bd1 31. Qd4 Qc1 32. Qxf6 Be2 33.
Qxf7+ Kh8 34. Qf6+ Kh7 1/2-1/2

[Event "OPEN Stare Mesto"]
[Site "?"]
[Date "2003.08.13"]
[Round "7"]
[White "Tazbir, M.."]
[Black "Jaworski, M.."]
[Result "1/2-1/2"]
[WhiteElo "2269"]
[BlackElo "2377"]
[PlyCount "79"]
[EventDate "2003.08.13"]
[SourceDate "2003.08.08"]

1. e4 c5 2. Nf3 d6 3. d4 cxd4 4. Nxd4 Nf6 5. Nc3 a6 6. Bg5 e6 7. Qf3 h6 8. Bh4
Nbd7 9. O-O-O Qc7 10. Bd3 Be7 11. Qh3 Nb6 12. g4 Bd7 13. f3 O-O-O 14. Rhe1 g5
15. Bg3 h5 16. Qf1 h4 17. Bf2 Kb8 18. Nb3 Bc8 19. Qg1 Nfd7 20. Kb1 Bf6 21. Nd4
Nc5 22. Rc1 Nba4 23. Nxa4 Nxa4 24. c4 Be5 25. Bc2 Bd7 26. Bxa4 Bxa4 27. b3 Be8
28. Ne2 Rc8 29. Bd4 Qe7 30. Bxe5 dxe5 31. Nc3 Qb4 32. Kb2 f6 33. a3 Qe7 34.
Rcd1 Bc6 35. Rd2 Rhd8 36. Red1 Rxd2+ 37. Rxd2 Rd8 38. Rxd8+ Qxd8 39. Qd1 Qd4
40. Qxd4 1/2-1/2

[Event "OPEN Stare Mesto"]
[Site "?"]
[Date "2003.08.13"]
[Round "7"]
[White "Rachela, M.."]
[Black "Michenka, J.."]
[Result "0-1"]
[WhiteElo "2213"]
[BlackElo "2357"]
[PlyCount "104"]
[EventDate "2003.08.13"]
[SourceDate "2003.08.08"]

1. d4 Nf6 2. Nf3 e6 3. Bg5 c5 4. e3 Qb6 5. Nbd2 cxd4 6. exd4 Be7 7. Nc4 Qc7 8.
Bd3 b5 9. Ne3 Bb7 10. O-O b4 11. Re1 O-O 12. Ng4 Nxg4 13. Bxe7 Bxf3 14. Qxf3
Qxh2+ 15. Kf1 Nc6 16. Qxg4 Nxe7 17. Ke2 f5 18. Qg5 Nc6 19. Rh1 Nxd4+ 20. Kd2
Qe5 21. Rh4 Rf6 22. Rah1 Rg6 23. Qe3 Qxe3+ 24. Kxe3 Nc6 25. Rxh7 Kf7 26. g3 Ne5
27. Rh8 Ng4+ 28. Ke2 Rg8 29. Rxg8 Kxg8 30. a3 bxa3 31. b4 Rh6 32. Ra1 Rh2 33.
Rxa3 Nxf2 34. Rxa7 Ne4+ 35. Ke3 Nf6 36. b5 Kf7 37. Kd4 Ke7 38. c4 Kd8 39. c5
Nd5 40. c6 dxc6 41. bxc6 Nc7 42. Ke3 Rg2 43. Kf4 Rd2 44. Ra3 Ke7 45. g4 Kf6 46.
Ke3 Rd1 47. gxf5 exf5 48. Ra7 Nd5+ 49. Kd4 Nb4 50. Kc3 Nxd3 51. c7 Ne1 52. Kb2
Rd2+ 0-1

[Event "OPEN Stare Mesto"]
[Site "?"]
[Date "2003.08.13"]
[Round "7"]
[White "Bazant, P jr."]
[Black "Plsek, M.."]
[Result "1/2-1/2"]
[WhiteElo "2355"]
[BlackElo "2133"]
[PlyCount "115"]
[EventDate "2003.08.13"]
[SourceDate "2003.08.08"]

1. e4 e5 2. Nf3 Nc6 3. Bc4 Nf6 4. d3 Bc5 5. c3 d6 6. Bb3 Qe7 7. O-O Bg4 8. Be3
O-O-O 9. Nbd2 Rdg8 10. Bd5 Nd8 11. b4 Bxe3 12. fxe3 Nxd5 13. exd5 f5 14. Qa4
Kb8 15. Rab1 e4 16. dxe4 fxe4 17. Nd4 Qg5 18. Rf4 Bh3 19. g3 Qxd5 20. c4 Qe5
21. Rxe4 Qf6 22. Rh4 Qe7 23. Re1 Bd7 24. Qc2 g5 25. Re4 Qg7 26. b5 h5 27. N2f3
Rf8 28. Qg2 Rf7 29. h4 Rhf8 30. Nxg5 Rf2 31. Qxf2 Rxf2 32. Kxf2 c5 33. bxc6
Nxc6 34. Nxc6+ Bxc6 35. Re6 Bd7 36. Re4 Bc6 37. Rf4 Qb2+ 38. Re2 Qc1 39. Ne6 a6
40. Ng7 b5 41. cxb5 Bxb5 42. Rb4 Qc5 43. Reb2 Kc8 44. Ne6 Qc1 45. e4 Qf1+ 46.
Ke3 Qd3+ 47. Kf4 Qd1 48. Nd4 Qg4+ 49. Ke3 Qxg3+ 50. Nf3 Kd7 51. Rd4 Bf1 52. e5
Bg2 53. Rxd6+ Ke7 54. Rb7+ Ke8 55. Re6+ Kd8 56. Rf6 Ke8 57. Rb8+ Ke7 58. Rb7+
1/2-1/2

[Event "OPEN Stare Mesto"]
[Site "?"]
[Date "2003.08.13"]
[Round "7"]
[White "Gruca, M.."]
[Black "Bazant, P sr."]
[Result "0-1"]
[WhiteElo "2180"]
[BlackElo "2333"]
[PlyCount "104"]
[EventDate "2003.08.13"]
[SourceDate "2003.08.08"]

1. e4 c5 2. Nf3 Nf6 3. Nc3 Nc6 4. d4 d5 5. exd5 Nxd5 6. Ne4 cxd4 7. Nxd4 Ndb4
8. Nxc6 Qxd1+ 9. Kxd1 Nxc6 10. c3 f5 11. Ng5 h6 12. Nf3 g5 13. Bb5 Bd7 14. Re1
Rd8 15. Bd2 Bg7 16. g3 Kf7 17. Bc4+ e6 18. Kc2 g4 19. Nh4 Ne5 20. Rxe5 Bxe5 21.
Nxf5 Kg6 22. Nh4+ Kf6 23. Re1 Bb8 24. Ng2 e5 25. Ne3 Bf5+ 26. Nxf5 Kxf5 27.
Bd3+ Kf6 28. c4 Rd7 29. Bc3 Rhd8 30. Be4 b6 31. h3 gxh3 32. Rh1 Kg7 33. Rxh3
Rd1 34. Rh5 Rf1 35. f3 Rf2+ 36. Kb3 Rf8 37. f4 Re2 38. Bb1 Re3 39. fxe5 Rff3
40. e6+ Be5 41. g4 Bxc3 42. bxc3 Rxc3+ 43. Kb4 Rce3 44. Bf5 Re5 45. Rh2 a5+ 46.
Ka4 Rc3 47. Rc2 Rxc2 48. Bxc2 Kf6 49. Bd1 Kxe6 50. Bf3 Kd6 51. Bd5 Kc5 52. Bf7
Re4 0-1

[Event "OPEN Stare Mesto"]
[Site "?"]
[Date "2003.08.13"]
[Round "7"]
[White "Stehlik, J.."]
[Black "Jasny, S.."]
[Result "0-1"]
[WhiteElo "2089"]
[BlackElo "2319"]
[PlyCount "194"]
[EventDate "2003.08.13"]
[SourceDate "2003.08.08"]

1. d4 Nf6 2. Nf3 g6 3. g3 Bg7 4. Bg2 O-O 5. O-O d6 6. c4 Nbd7 7. Nc3 e5 8. h3
Re8 9. d5 a6 10. a4 a5 11. e4 Nc5 12. Ne1 h6 13. Kh2 Qe7 14. Be3 b6 15. Rb1 Na6
16. Nd3 Nd7 17. b4 axb4 18. Nxb4 Nxb4 19. Rxb4 Nc5 20. Bxc5 bxc5 21. Rb2 f5 22.
Qe2 Rf8 23. f3 h5 24. Rfb1 fxe4 25. fxe4 h4 26. g4 Kh7 27. Rf1 Rf4 28. Ra2 Ba6
29. Nb5 Raf8 30. Raa1 R8f7 31. Kg1 Qg5 32. Bf3 Bh6 33. Ra3 Kg8 34. Rb3 Kg7 35.
Rc3 R4f6 36. Qg2 Qd2 37. Qxd2 Bxd2 38. Rd3 Ba5 39. Kg2 Rf4 40. Rfd1 Kf6 41. Rf1
Ke7 42. Rb1 Rf8 43. Re3 Ra8 44. Ra3 g5 45. Raa1 Kd7 46. Rc1 Bb4 47. Rf1 Bb7 48.
Rfd1 Raf8 49. Rd3 Ba5 50. Rf1 Ke7 51. Rb3 Ba6 52. Rbb1 Ra8 53. Ra1 Bc8 54. Rf2
Bd7 55. Rc2 Be8 56. Rd1 Bg6 57. Re2 Kd7 58. Re3 Bb4 59. Ra1 Kc8 60. Re2 Kb7 61.
Re3 Raf8 62. Rf1 Kb6 63. Re2 Ra8 64. Ra1 Ra5 65. Raa2 Rf8 66. Ra1 Rfa8 67. Rea2
Be8 68. Be2 Bxb5 69. cxb5 Bc3 70. Rc1 Bd4 71. Rc4 Kb7 72. Bf1 Rf8 73. Rc1 Kb6
74. Bd3 Raa8 75. Rf1 Rxf1 76. Kxf1 Rf8+ 77. Kg2 Ka5 78. Bf1 Ra8 79. Be2 Kb4 80.
Bd1 c4 81. Kf3 Rf8+ 82. Kg2 Ka5 83. Bf3 c3 84. Bd1 Rf4 85. Bf3 Bb6 86. Ra1 Be3
87. Ra2 Kb4 88. Bd1 Bb6 89. a5 Bxa5 90. Be2 Kb3 91. Rxa5 c2 92. Ra1 Kb2 93. Rg1
c1=Q 94. Rxc1 Kxc1 95. Bf3 Kd2 96. Kf2 Kd3 97. Kg2 Ke3 0-1

[Event "OPEN Stare Mesto"]
[Site "?"]
[Date "2003.08.13"]
[Round "7"]
[White "Vavruska, A.."]
[Black "Grabarczyk, B.."]
[Result "0-1"]
[WhiteElo "2133"]
[BlackElo "2444"]
[PlyCount "79"]
[EventDate "2003.08.13"]
[SourceDate "2003.08.08"]

1. e4 g6 2. d4 c6 3. Bd3 d5 4. e5 f6 5. Nf3 Bg4 6. exf6 Nxf6 7. h3 Bxf3 8. Qxf3
Bg7 9. Nd2 Nh5 10. c3 e5 11. dxe5 Nd7 12. O-O Nxe5 13. Re1 Qe7 14. Qe3 O-O 15.
g3 Qd7 16. Bf1 Rae8 17. f4 Nf3+ 18. Qxf3 Rxe1 19. Qf2 Ree8 20. Nf3 Nf6 21. Kg2
b6 22. Qc2 Ne4 23. Bd2 c5 24. Rd1 Kh8 25. Be1 Qb7 26. Kh2 g5 27. Bb5 Re7 28.
Nxg5 Nxg5 29. fxg5 d4 30. cxd4 Bxd4 31. Bc3 Qe4 32. Qd2 Re5 33. Bxd4 Qxd4 34.
Qxd4 cxd4 35. Bc4 b5 36. Bd3 Rf2+ 37. Kg1 Rxb2 38. h4 Re3 39. Bf5 Rxg3+ 40. Kh1
0-1

[Event "OPEN Stare Mesto"]
[Site "?"]
[Date "2003.08.13"]
[Round "7"]
[White "Wiley, T.."]
[Black "Przybylka, D.."]
[Result "1-0"]
[WhiteElo "2328"]
[BlackElo "2113"]
[PlyCount "130"]
[EventDate "2003.08.13"]
[SourceDate "2003.08.08"]

1. d4 e6 2. c4 Nf6 3. Nc3 Bb4 4. Qc2 d5 5. cxd5 Qxd5 6. Nf3 Qf5 7. Qxf5 exf5 8.
a3 Be7 9. Bf4 c6 10. e3 Be6 11. Bd3 Nbd7 12. O-O Nh5 13. Bg5 f6 14. Bh4 g5 15.
Bg3 Nb6 16. d5 Nxd5 17. Nd4 Kf7 18. Nxe6 Kxe6 19. Bxf5+ Kxf5 20. e4+ Kg6 21.
exd5 f5 22. Be5 Bf6 23. Bxf6 Nxf6 24. dxc6 bxc6 25. Rac1 Rhd8 26. Rc2 Rd4 27.
Rfc1 Rad8 28. f3 h5 29. Kf2 g4 30. Ne2 Rd2 31. Ke1 Rxc2 32. Rxc2 Rb8 33. b4 a5
34. bxa5 Rb5 35. Rxc6 Rxa5 36. Rc3 h4 37. Kf2 Nd5 38. Rb3 Kg5 39. Nc3 Nf4 40.
a4 Re5 41. Rb1 Nd3+ 42. Kf1 gxf3 43. gxf3 Kf4 44. Ra1 Rc5 45. Ne2+ Kxf3 46. a5
Rc8 47. a6 Ne5 48. a7 Ra8 49. Nd4+ Ke4 50. Nb5 Nc6 51. Ra6 Nxa7 52. Rxa7 Rd8
53. Ra4+ Ke3 54. Ra3+ Kf4 55. Nc3 Rd2 56. Ne2+ Kg5 57. Kf2 Rb2 58. h3 Rb1 59.
Nd4 Kf4 60. Ra2 Rb4 61. Ne2+ Kg5 62. Ng1 Rf4+ 63. Nf3+ Kh5 64. Ra8 Kh6 65. Rh8+
Kg6 1-0

[Event "OPEN Stare Mesto"]
[Site "?"]
[Date "2003.08.13"]
[Round "7"]
[White "Volodin, V.."]
[Black "Snyta, Z.."]
[Result "1-0"]
[WhiteElo "2383"]
[BlackElo "2101"]
[PlyCount "43"]
[EventDate "2003.08.13"]
[SourceDate "2003.08.08"]

1. Nf3 d5 2. d4 g6 3. c4 dxc4 4. e3 Bg7 5. Bxc4 Nf6 6. O-O O-O 7. Nc3 b6 8. Qe2
Nc6 9. Rd1 Na5 10. Bd3 Nd5 11. Nxd5 Qxd5 12. e4 Qh5 13. h3 Nc6 14. Be3 f5 15.
Bb5 Nd8 16. Qc4+ Be6 17. d5 fxe4 18. Ng5 c6 19. Bxc6 Rc8 20. Nxe6 Nxe6 21. dxe6
Bxb2 22. Rab1 1-0

[Event "OPEN Stare Mesto"]
[Site "?"]
[Date "2003.08.13"]
[Round "7"]
[White "Kludacz, M.."]
[Black "Partys, P.."]
[Result "1/2-1/2"]
[WhiteElo "2209"]
[BlackElo "1961"]
[PlyCount "88"]
[EventDate "2003.08.13"]
[SourceDate "2003.08.08"]

1. d4 Nf6 2. c4 e6 3. Nf3 d5 4. cxd5 exd5 5. Nc3 Be7 6. Bg5 c6 7. Qc2 g6 8. e3
Bf5 9. Bd3 Bxd3 10. Qxd3 Nbd7 11. O-O O-O 12. Rab1 a5 13. Qc2 Re8 14. Rfc1 Ne4
15. Bxe7 Qxe7 16. Nxe4 dxe4 17. Nd2 Nf6 18. a3 Nd5 19. Qc5 Qxc5 20. Rxc5 a4 21.
Nc4 Re6 22. Ra5 Rxa5 23. Nxa5 b5 24. Rc1 Ne7 25. Nb7 f5 26. Nc5 Rd6 27. Na6 Kf7
28. Nb4 Ke6 29. Rc5 Kd7 30. Kf1 Nd5 31. Nxc6 Nxe3+ 32. fxe3 Rxc6 33. Rxb5 Kd6
34. Rb4 Rc2 35. h4 Kd5 36. Rb5+ Kc6 37. Rb4 Kd5 38. Rxa4 Rxb2 39. Rb4 Ra2 40.
a4 h6 41. Rb5+ Kc4 42. h5 gxh5 43. Rxf5 Kd3 44. Rxh5 Kxe3 1/2-1/2

[Event "OPEN Stare Mesto"]
[Site "?"]
[Date "2003.08.13"]
[Round "7"]
[White "Zpevak, M.."]
[Black "Medunova, V.."]
[Result "0-1"]
[WhiteElo "1993"]
[BlackElo "2180"]
[PlyCount "68"]
[EventDate "2003.08.13"]
[SourceDate "2003.08.08"]

1. e4 c5 2. Nf3 Nc6 3. d4 cxd4 4. Nxd4 e5 5. Nb3 Nf6 6. Bg5 h6 7. Bxf6 Qxf6 8.
a3 Be7 9. Nc3 O-O 10. Bc4 Qg6 11. Qf3 d6 12. h3 Be6 13. Nd5 Bd8 14. g4 Rc8 15.
Bd3 Re8 16. Qe2 Qg5 17. c3 Ne7 18. Nxe7+ Rxe7 19. Nd2 d5 20. exd5 Bxd5 21. Be4
Be6 22. O-O-O Rec7 23. Kc2 a6 24. Nf3 Qf4 25. Rhe1 Be7 26. Qd2 Qf6 27. Re3 g6
28. Nxe5 Qxe5 29. Bxb7 Qb5 30. Bxc8 Qb3+ 31. Kc1 Rxc8 32. Rxe6 Qxe6 33. Qd5 Qe2
34. Rd2 Bg5 0-1

[Event "Open Stare Mesto"]
[Site "?"]
[Date "2003.08.14"]
[Round "8"]
[White "Michenka, Jozef"]
[Black "Vrana, Frantisek"]
[Result "1/2-1/2"]
[WhiteElo "2357"]
[BlackElo "2300"]
[PlyCount "72"]
[EventDate "2003.08.08"]
[SourceDate "2003.08.08"]

1. d4 Nf6 2. c4 g6 3. Nc3 Bg7 4. e4 d6 5. f3 O-O 6. Be3 e5 7. d5 c6 8. Bd3 cxd5
9. cxd5 Ne8 10. Qd2 f5 11. exf5 gxf5 12. Nge2 Nd7 13. O-O Nc5 14. Bc2 a5 15. f4
b6 16. Rf3 Ra7 17. Raf1 Raf7 18. a3 Qe7 19. b4 axb4 20. axb4 Ne4 21. Nxe4 fxe4
22. R3f2 Ba6 23. fxe5 Bxe5 24. Rxf7 Rxf7 25. Rxf7 Qxf7 26. Bxe4 Bxh2+ 27. Kxh2
Qh5+ 28. Kg1 Qxe2 29. Qxe2 Bxe2 30. Bxb6 Nf6 31. Bf5 Bc4 32. Bc7 Ne8 33. Be6+
Kf8 34. Bd8 Ng7 35. Bd7 Bxd5 36. b5 Ne6 1/2-1/2